Plukovník zdravotnictva MUDr. Emil Zuckerkandl : "vydržím až do úplného konce--" /

Hlavní autor: Vaňourek, Martin, 1968-
Jazyk: Čeština
Vydáno: [Mohelnice : Martin Vaňourek], 2014
Vydání: Vyd. 1.
Témata:
Fyzický popis: 37 s. : il., portréty ; 21 cm
Knihy
Uloženo v:
LEADER 02358nam a2200637 a 4500
001 nkc20142612522
003 CZ PrNK
005 20141007143351.0
007 ta
008 140807s2014 xr ac e 000 0bcze
015 |a cnb002612522 
020 |a 978-80-904588-9-5  |q (brož.) 
035 |a (OCoLC)894844652 
040 |a OLA001  |b cze  |d ABA001 
043 |a e-xr---  |a e-cs--- 
045 |a w8x4 
072 7 |a 323  |x Vnitropolitický vývoj, politický život  |2 Konspekt  |9 15 
072 7 |a 929  |x Biografie  |2 Konspekt  |9 8 
080 |a 616-051:355  |2 MRF 
080 |a 355.084  |2 MRF 
080 |a 929  |2 MRF 
080 |a [323.28:329.17]-058.6  |2 MRF 
080 |a 323.25/.26:329.18  |2 MRF 
080 |a 94(100)"1939/1945"  |2 MRF 
080 |a (437.3)  |2 MRF 
080 |a (437)  |2 MRF 
080 |a (092)  |2 MRF 
100 1 |a Vaňourek, Martin,  |d 1968-  |7 jn20001227703  |4 aut 
245 1 0 |a Plukovník zdravotnictva MUDr. Emil Zuckerkandl :  |b "vydržím až do úplného konce--" /  |c [Martin Vaňourek] 
246 3 0 |a Emil Zuckerkandl 
250 |a Vyd. 1. 
260 |a [Mohelnice :  |b Martin Vaňourek],  |c 2014 
300 |a 37 s. :  |b il., portréty ;  |c 21 cm 
500 |a Název z obálky 
504 |a Obsahuje bibliografii 
600 1 7 |a Zuckerkandl, Emil,  |d 1882-1944  |7 ola2014839485  |2 czenas 
648 4 |a 1882-1944 
648 7 |a 1939-1945  |7 ch460653  |2 czenas 
648 7 |a 20. století  |7 ch460558  |2 czenas 
650 0 7 |a vojenští lékaři  |7 ph127213  |z Česko  |y 20. stol.  |2 czenas 
650 0 7 |a plukovníci  |7 ph188886  |z Česko  |y 20. stol.  |2 czenas 
650 0 7 |a oběti nacismu  |7 ph123641  |z Česko  |y 20. stol.  |2 czenas 
650 0 7 |a protifašistický odboj  |7 ph115901  |z Československo  |y 1939-1945  |2 czenas 
650 0 7 |a druhá světová válka (1939-1945)  |7 ph117270  |2 czenas 
650 0 9 |a military physicians  |z Czechia  |y 20th century  |2 eczenas 
650 0 9 |a colonels  |z Czechia  |y 20th century  |2 eczenas 
650 0 9 |a victims of Nazism  |z Czechia  |y 20th century  |2 eczenas 
650 0 9 |a anti-fascist movements  |z Czechoslovakia  |y 1939-1945  |2 eczenas 
650 0 9 |a World War (1939-1945)  |2 eczenas 
655 7 |a biografie  |7 fd131909  |2 czenas 
655 9 |a biography  |2 eczenas 
910 2 |a BOA001  |b 2-1330.799 
990 |a BK 
995 |a 01 
991 |b 201410  |c NOV  |e n 
996 6 |b 2610605612  |c 2-1330.799  |l MZK  |r Sklad / do 1 hodiny  |n 2  |p p.v.  |w 001459203  |u 000010  |a 1  |e BOA001  |j MZK50  |s P